Zahraničnoobchodné vzťahy Slovenska

Z obsahu: ČR zostáva najväčším obchodným partnerom SR i po rozdelení federácie. Rakúsko - strategický partner pri prípadnom vstupe Slovenska do EÚ. Maďarsko stále neznámym teritóriom pre slovenských podnikateľov. Zatiaľ nedocenený severný sused (Poľsko). Ukrajina - potenciálny trh s mnohými rizikami...

Descripción completa

Guardado en:
Detalles Bibliográficos
Autor principal: Záthurecká, B.
Formato: Capítulo de libro
Lenguaje:eslovaco
Materias:
Etiquetas: Agregar Etiqueta
Sin Etiquetas, Sea el primero en etiquetar este registro!

MARC

LEADER 00000naa a2200000 4500
001 r026104
005 20230921080414.2
041 0 |a slo 
044 |a SK 
245 1 0 |a Zahraničnoobchodné vzťahy Slovenska  |c B. Záthurecká 
520 |a Z obsahu: ČR zostáva najväčším obchodným partnerom SR i po rozdelení federácie. Rakúsko - strategický partner pri prípadnom vstupe Slovenska do EÚ. Maďarsko stále neznámym teritóriom pre slovenských podnikateľov. Zatiaľ nedocenený severný sused (Poľsko). Ukrajina - potenciálny trh s mnohými rizikami. Nemecko - strategický partner Slovenska. 
610 2 0 |a obchod zahraničný 
610 2 0 |a trh 
610 2 0 |a Európska únia 
610 2 0 |a Slovensko 
610 2 0 |a Česko 
610 2 0 |a Rakúsko 
610 2 0 |a Maďarsko 
610 2 0 |a Poľsko 
610 2 0 |a Ukrajina 
610 2 0 |a Nemecko 
100 1 |a Záthurecká, B.